[Event "POL-ch Universities (Women)"]
[Site "Lublin"]
[Date "2024.02.24"]
[Round "7"]
[White "Michalak, Wiktoria"]
[Black "Kroliczek, Gabriela"]
[Result "1-0"]
[WhiteElo "1522"]
[BlackElo "1928"]
[PlyCount "121"]
[EventDate "2024.02.22"]
[EventType "swiss"]
[EventRounds "9"]
[EventCountry "POL"]
[SourceTitle "CBM 219 Extra"]
[Source "ChessBase"]
[SourceDate "2024.05.31"]
[SourceVersion "1"]
[SourceVersionDate "2024.05.31"]
[SourceQuality "1"]

1. Nf3 d5 2. c4 c6 3. cxd5 cxd5 4. d4 Nc6 5. Nc3 Nf6 6. g3 Bf5 7. Nh4 Bd7 8. Bg2 e6 9. 0-0 Be7 10. Bd2 0-0 11. e3 Na5 12. b3 Rc8 13. Qe1 Nc6 14. Rc1 Ba3 15. Rb1 Nb4 16. Qd1 a5 17. e4 dxe4 18. Nxe4 Bb5 19. Bxb4 Bxb4 20. a4 Bxf1 21. Qxf1 Nxe4 22. Bxe4 Qxd4 23. Bxb7 Rc3 24. Ba6 g6 25. Rd1 Qf6 26. Bc4 Bc5 27. Qe2 Rd8 28. Rxd8+ Qxd8 29. Nf3 Rc1+ 30. Kg2 Qd1 31. Qe4 Rc2 32. Qa8+ Kg7 33. Qe4 Rxf2+ 34. Kh3 Qxf3 35. Qe5+ Kh6 36. Qxc5 Qh5+ 37. Qxh5+ Kxh5 38. g4+ Kg5 39. Kg3 Rc2 40. h4+ Kf6 41. Kf4 Rh2 42. Kg3 Rh1 43. Bb5 e5 44. g5+ Ke7 45. Bc4 f5 46. gxf6+ Kxf6 47. Bd5 Kf5 48. Bxh1 h6 49. Kf3 g5 50. hxg5 hxg5 51. Kg3 e4 52. Bg2 Ke5 53. Kg4 e3 54. Bf3 Kd4 55. Kxg5 Kd3 56. Kf4 e2 57. Bxe2+ Kxe2 58. Ke4 Kd2 59. Kd4 Kc2 60. Kc4 Kb2 61. b4 1-0